000 00568nam a22002057a 4500
003 BUBTL
008 240510b ||||| |||| 00| 0 eng d
041 _aEnglish
082 _21st ed.
_a332.4/ D351b/ 2003
100 _95827
_aDebnath, Dr. R. M.
245 _aBank and Legal Environment/
_bDr. R. M. Debnath
250 _a1st ed.
260 _aDhaka,
_bNabajuga Prokashani
_cc2003
300 _a[xiii], 320 p. :
_bill. ; 21 cm.
526 _aLaw
650 0 _92104
_aLaw
856 _k0
_l0
_yDownload
942 _2ddc
_cBK
999 _c7317
_d7317